000 00602cam a2200217 4500500
005 20260329005349.0
041 _afre
042 _adc
100 1 0 _aOrtoli, Sven
_eauthor
245 0 0 _aAllerrrr… tchiii !
260 _c2023.
500 _a5
690 _aInsectes
690 _aIntolérance
690 _aMédecine
690 _aNourriture
690 _aSanté
690 _aVégétal
786 0 _nPhilosophie magazine | 169 | 5 | 2023-05-01 | p. 13-13 | 1951-1787
856 4 1 _uhttps://shs.cairn.info/magazine-philosophie-magazine-2023-5-page-13?lang=fr&redirect-ssocas=7080
999 _c1842693
_d1842693